| 000 | 00442nam a2200181Ia 4500 | ||
|---|---|---|---|
| 001 | 10238 | ||
| 005 | 20260306161817.0 | ||
| 008 | 260306t1964||||xx |||||||||||||| ||spa|| | ||
| 041 | _aESP | ||
| 082 |
_a909.81 _bH62 |
||
| 100 |
_aHobsbawm, Eric J. _eAUT |
||
| 245 | 0 |
_aLas revoluciones burguesas: _bEuropa, 1789-1848 |
|
| 260 | _c1964 | ||
| 300 |
_a403 páginas : _c24 cm. |
||
| 650 | _aGEN | ||
| 654 | _aCHU | ||
| 942 |
_cLIB _dJUS _fJUS _2ddc _n |
||
| 999 |
_c10238 _d10238 |
||